Sentuhan midas : Sains,nilai dan persekitaran menurut Islam dan barat
| Main Author: | |
|---|---|
| Other Authors: | |
| Format: | Book |
| Published: |
Kuala Lumpur :
DBP ,
1991
|
| Subjects: |
MARC
| LEADER | 00000cam a2200000 7i4500 | ||
|---|---|---|---|
| 001 | 0000004994 | ||
| 002 | 000005385 | ||
| 005 | 20000330.0 | ||
| 020 | |a 9836217851 | ||
| 090 | 0 | 0 | |a 297.197 |b ZIA |
| 100 | 0 | |a Ziauddin Sardar | |
| 245 | 1 | 0 | |a Sentuhan midas : |b Sains,nilai dan persekitaran menurut Islam dan barat |c Ziauddin Sardar |
| 260 | |a Kuala Lumpur : |b DBP , |c 1991 | ||
| 300 | |a 341 p. ; |c 22 cm. | ||
| 650 | 0 | 0 | |a Islam and science |
| 700 | 0 | |a Rosnani Hashim | |
| 999 | |a 042810 |b BUKU |c PINJAMAN |e PERPUSTAKAAN KOMUNITI PETALING JAYA | ||